000 00948cam a2200301 i 4500
001 200451081
999 _c200451081
_d69293
003 TR-AnTOB
005 20241230104323.0
007 ta
008 180119s1965 tu 000 0 tur u
040 _aTR-AnTOB
_beng
_erda
_cTR-AnTOB
_dTR-AnTOB
041 0 _atur
050 1 4 _aPL248.K265
_bY86 1965
090 _aPL248.K265
_bY86 1965
245 0 0 _aYunus Emre:
_chayatı, sanatı, şiirleri /
_bhazırlayan M. Sezai Karakoç.
264 1 _aİstanbul :
_bBedir Yayınevi,
_c1965.
300 _a78 pages :
_c16 cm
336 _atext
_2rdacontent
_btxt
337 _aunmediated
_2rdamedia
_bn
338 _avolume
_2rdacarrier
_bnc
490 0 _aBedir Yayınları;
_v32
600 0 0 _aYunus Emre,
_d-1320?
_944534
650 0 _aTürk şiiri
_xTarih ve eleştiri
_975586
650 0 _aTurkish poetry
_xHistory and criticism
_916952
700 1 _aKarakoç, Sezai,
_d1933-2021
_949121
942 _2lcc
_cBK